• 首页
  • 本馆介绍
  • 公告通知
  • 最新文献
  • 馆藏检索
  • 电子资源
  • 读者导购
  • 参考咨询
  • 我的图书馆
  • 登录
  • 详细信息显示
  • 放入我的书架
  • 预约/预借图书
  • 作者相关作品
  • 分类相关作品
  • 丛书相关作品
  • 出版社相关作品

书目信息

  • 表格格式
  • 工作单格式
  • 卡片格式
题名:
独幕剧选
    
 
作者: ;春风文艺出版社 编辑
分册:  
出版信息: 沈阳   春风文艺出版社  1959
页数: 485页
开本: 21cm
丛书名:
单 册:
中图分类: I234.7
科图分类:
主题词: 独幕剧--话剧剧本--中国--1952-1958--选集 , 话剧--独幕剧--剧本--中国--1952-1958--选集
电子资源:
ISBN: T10158.36
000 00740cam0 2200241 450
001 0105453535
005 20070514131021.0
010    @aT10158.36@dCNY1.60
091    @aT10158.36@dCNY1.60
100    @a19960403d1959 em y0chiy0110 ea
101 0  @achi
102    @aCN@b210000
105    @ay z 000by
106    @ar
200 1  @a独幕剧选@9Du Mu Ju Xuan @e1952~1958@f春风文艺出版社编辑@b专著
210    @a沈阳@c春风文艺出版社@d1959
215    @a485页@d21cm
606 0  @a独幕剧@x话剧剧本@y中国@z1952-1958@x选集
606 0  @a话剧@x独幕剧@x剧本@y中国@z1952-1958@x选集
690    @aI234.7@v3
711 02 @a春风文艺出版社@9chun feng wen yi chu ban she@4编辑
801  0 @aCN@b上海图书馆@c19970403
905    @aBZT@dI234.7@e16@f1@sI234.7/16
    
    独幕剧选:1952~1958/春风文艺出版社编辑.-沈阳:春风文艺出版社,1959
    485页;21cm
    
    
    ISBN T10158.36:CNY1.60
    
●
相关链接 在五车中查询图书 在当当中查询图书 在豆瓣中查询图书


正题名:独幕剧选     索取号:I234.7/16         预约/预借

序号 登录号 条形码 馆藏地/架位号 状态 备注
1 2000080487   2000080487   旧书回溯/ [索取号:I234.7/16] 在馆    
山东省滨州职业学院图书馆 欢迎您!
大连网信软件有限公司© 版权所有